KOHA-Header-6

Entrepreneurship Simplifed from Idea to IPO (Record no. 1345)

000 -LEADER
fixed length control field 00312nam a2200121Ia 4500
008 - FIXED-LENGTH DATA ELEMENTS--GENERAL INFORMATION
fixed length control field 190723s9999 xx 000 0 und d
020 ## - INTERNATIONAL STANDARD BOOK NUMBER
International Standard Book Number 978-0-670-08895-9
100 ## - MAIN ENTRY--PERSONAL NAME
Personal name Ashok Soota
245 #0 - TITLE STATEMENT
Title Entrepreneurship Simplifed from Idea to IPO
260 ## - PUBLICATION, DISTRIBUTION, ETC. (IMPRINT)
Place of publication, distribution, etc India
Name of publisher, distributor, etc MCGraw Hill
Date of publication, distribution, etc 2016
300 ## - PHYSICAL DESCRIPTION
Extent 233
942 ## - ADDED ENTRY ELEMENTS (KOHA)
Koha item type Books
Holdings
Withdrawn status Lost status Damaged status Not for loan Collection code Permanent Location Current Location Shelving location Date acquired Full call number Barcode Date last seen Price effective from Koha item type
        Management MAJU MAJU   2019-07-23 658.4 7970 2019-07-23 2019-07-23 Management

Powered by Koha